<?xml version="1.0" encoding="UTF-8"?>
<record
    xmlns:xsi="http://www.w3.org/2001/XMLSchema-instance"
    xsi:schemaLocation="http://www.loc.gov/MARC21/slim http://www.loc.gov/standards/marcxml/schema/MARC21slim.xsd"
    xmlns="http://www.loc.gov/MARC21/slim">

  <leader>00619nam a22001457a 4500</leader>
  <datafield tag="999" ind1=" " ind2=" ">
    <subfield code="c">61044</subfield>
    <subfield code="d">61044</subfield>
  </datafield>
  <controlfield tag="005">20231212100547.0</controlfield>
  <controlfield tag="008">231212s1983    ru ||||| |||| 00| 0 rus d</controlfield>
  <datafield tag="080" ind1=" " ind2=" ">
    <subfield code="a">94(394) M-15</subfield>
  </datafield>
  <datafield tag="100" ind1=" " ind2=" ">
    <subfield code="a">&#x41C;&#x430;&#x43A;&#x43A;&#x443;&#x438;&#x43D;, &#x414;&#x436;. &#x413;. </subfield>
    <subfield code="9">20667</subfield>
  </datafield>
  <datafield tag="245" ind1=" " ind2=" ">
    <subfield code="a">&#x425;&#x435;&#x442;&#x442;&#x44B; &#x438; &#x438;&#x445; &#x441;&#x43E;&#x432;&#x440;&#x435;&#x43C;&#x435;&#x43D;&#x43D;&#x438;&#x43A;&#x438; &#x432; &#x41C;&#x430;&#x43B;&#x43E;&#x439; &#x410;&#x437;&#x438;&#x438; /</subfield>
    <subfield code="c">&#x41F;&#x435;&#x440;&#x435;&#x432;&#x43E;&#x434; &#x441; &#x430;&#x43D;&#x433;&#x43B;&#x438;&#x439;&#x441;&#x43A;&#x43E;&#x433;&#x43E; &#x424;.&#x41B;. &#x41C;&#x435;&#x43D;&#x434;&#x435;&#x43B;&#x44C;&#x441;&#x43E;&#x43D;&#x430;.</subfield>
  </datafield>
  <datafield tag="264" ind1=" " ind2=" ">
    <subfield code="a">&#x41C;.: </subfield>
    <subfield code="b">&#x413;&#x420;&#x412;&#x41B;,</subfield>
    <subfield code="c">1983.</subfield>
  </datafield>
  <datafield tag="300" ind1=" " ind2=" ">
    <subfield code="a">184 &#x441;.;</subfield>
    <subfield code="b">20 &#x441;&#x43C;.</subfield>
  </datafield>
  <datafield tag="653" ind1=" " ind2=" ">
    <subfield code="a">&#x10EE;&#x10D4;&#x10D7;&#x10D4;&#x10D1;&#x10D8; &#x10D3;&#x10D0; &#x10DB;&#x10D0;&#x10D7;&#x10D8; &#x10D7;&#x10D0;&#x10DC;&#x10D0;&#x10DB;&#x10D4;&#x10D3;&#x10E0;&#x10DD;&#x10D5;&#x10D4;&#x10D4;&#x10D1;&#x10D8; &#x10DB;&#x10EA;&#x10D8;&#x10E0;&#x10D4; &#x10D0;&#x10D6;&#x10D8;&#x10D0;&#x10E8;&#x10D8;</subfield>
  </datafield>
  <datafield tag="942" ind1=" " ind2=" ">
    <subfield code="2">udc</subfield>
    <subfield code="c">&#x1CAC;&#x1C98;&#x1C92;&#x1C9C;&#x1C98;</subfield>
  </datafield>
  <datafield tag="952" ind1=" " ind2=" ">
    <subfield code="0">0</subfield>
    <subfield code="1">0</subfield>
    <subfield code="2">udc</subfield>
    <subfield code="4">0</subfield>
    <subfield code="6">94394_M15</subfield>
    <subfield code="7">0</subfield>
    <subfield code="9">97299</subfield>
    <subfield code="a">CPL</subfield>
    <subfield code="b">CPL</subfield>
    <subfield code="c">GEN</subfield>
    <subfield code="d">2023-12-12</subfield>
    <subfield code="g">5.00</subfield>
    <subfield code="o">94(394) M-15</subfield>
    <subfield code="p">65575</subfield>
    <subfield code="r">2023-12-12</subfield>
    <subfield code="t">65575</subfield>
    <subfield code="u">&#x10D1;&#x10E1;&#x10E3;-&#x10E1; &#x10E1;&#x10D0;&#x10DE;&#x10D0;&#x10E2;&#x10D8;&#x10DD; &#x10D3;&#x10DD;&#x10E5;&#x10E2;&#x10DD;&#x10E0;&#x10D8;&#x10E1; &#x10D2;&#x10E3;&#x10E0;&#x10D0;&#x10DB; &#x10DA;&#x10DD;&#x10E0;&#x10D7;&#x10E5;&#x10D8;&#x10E4;&#x10D0;&#x10DC;&#x10D8;&#x10EB;&#x10D8;&#x10E1; &#x10E1;&#x10D0;&#x10E9;&#x10E3;&#x10E5;&#x10D0;&#x10E0;&#x10D8;</subfield>
    <subfield code="w">2023-12-12</subfield>
    <subfield code="y">&#x1CAC;&#x1C98;&#x1C92;&#x1C9C;&#x1C98;</subfield>
    <subfield code="z">5 &#x10DA;.</subfield>
  </datafield>
</record>
